Global Risks, Vulnerabilities, and Policy Challenges Facing Low-Income Countries.

The rapid recovery in many low-income countries (LICs) following the global crisis has been sustained in 2012. Softening commodity prices have led to moderating inflation pressures in most LICs. However, progress in rebuilding policy buffers has halted over the past two years, despite continued stro...

ver descrição completa

Detalhes bibliográficos
Autor Corporativo: International Monetary Fund
Formato: Periódico
Idioma:English
Publicado em: Washington, D.C. : International Monetary Fund, 2012.
Colecção:Policy Papers; Policy Paper ; No. 2012/089
Acesso em linha:Full text available on IMF
LEADER 01360cas a2200241 a 4500
001 AALejournalIMF020147
008 230101c9999 xx r poo 0 0eng d
020 |c 5.00 USD 
020 |z 9781498339766 
022 |a 2663-3493 
040 |a BD-DhAAL  |c BD-DhAAL 
110 2 |a International Monetary Fund. 
245 1 0 |a Global Risks, Vulnerabilities, and Policy Challenges Facing Low-Income Countries. 
264 1 |a Washington, D.C. :  |b International Monetary Fund,  |c 2012. 
300 |a 1 online resource (46 pages) 
490 1 |a Policy Papers 
500 |a <strong>Off-Campus Access:</strong> No User ID or Password Required 
500 |a <strong>On-Campus Access:</strong> No User ID or Password Required 
506 |a Electronic access restricted to authorized BRAC University faculty, staff and students 
520 3 |a The rapid recovery in many low-income countries (LICs) following the global crisis has been sustained in 2012. Softening commodity prices have led to moderating inflation pressures in most LICs. However, progress in rebuilding policy buffers has halted over the past two years, despite continued strong growth in LICs. 
538 |a Mode of access: Internet 
830 0 |a Policy Papers; Policy Paper ;  |v No. 2012/089 
856 4 0 |z Full text available on IMF  |u http://elibrary.imf.org/view/journals/007/2012/089/007.2012.issue-089-en.xml  |z IMF e-Library